[Event "AUTO-ADV-3055"]
[Site "http://www.queenalice.com/game.php?id=1249269"]
[Date "2014.1.18"]
[Round "1"]
[White "Warner"]
[Black "ECAoCRUEL"]
[Result "1-0"]
[WhiteElo "1850"]
[BlackElo "1939"]

1. d4 d5 2. c4 c6 3. e3 Nf6 4. Nf3 Nbd7 5. Nc3 e6 6. cxd5 cxd5 7. Bd3 Bb4 8. O-O
O-O 9. a3 Ba5 10. Bd2 Nb6 11. b4 Bxb4 12. axb4 Qd6 13. Qb3 Bd7 14. e4 dxe4 15.
Bxe4 Bc6 16. Bxc6 Qxc6 17. Rac1 Rac8 18. Ne5 Qe8 19. Rfe1 Qd8 20. Be3 a6 21. Na4
Nbd5 22. Nc5 Rc7 23. h3 Nb6 24. Red1 Nbd7 25. Nexd7 Nxd7 26. Bf4 Rc8 27. Nxb7
Qf6 28. Rxc8 Rxc8 29. Be3 Qf5 30. Nd6 Qc2 31. Qxc2 Rxc2 32. Rb1 Nf6 33. Rc1
Rxc1+ 34. Bxc1 Kf8 35. f3 Ke7 36. Ne4 Nd5 37. Ba3 h6 38. b5+ Kd7 39. bxa6 Kc7
40. Bf8 g6 41. Bxh6 Kb6 42. Nc5 Nc7 43. Kf2 Nxa6 44. Nxa6 Kxa6 45. Bg5 Kb6 46.
Ke3 Kc6 47. Ke4 Kd6 48. f4 Kd7 49. Ke5 Ke8 50. g4 Kf8 51. Kf6 Kg8 52. h4 Kf8 53.
h5 gxh5 54. gxh5 Kg8 55. Bh6 Kh7 56. Kxf7 Kxh6 57. Kxe6 Kxh5 58. f5 Kg5 59. d5
1-0

[Event "AUTO-ADV-3055"]
[Site "http://www.queenalice.com/game.php?id=1249270"]
[Date "2014.1.18"]
[Round "1"]
[White "ECAoCRUEL"]
[Black "massimo"]
[Result "0-1"]
[WhiteElo "1919"]
[BlackElo "1808"]

1. Nf3 d6 2. e4 e5 3. Bc4 h6 4. h3 Nf6 5. O-O Nxe4 6. d3 Nc5 7. Nc3 Be7 8. d4
exd4 9. Qxd4 O-O 10. Ne2 Nc6 11. Qc3 Bf6 12. Qd2 Ne4 13. Qd1 Be6 14. Qd3 Nc5 15.
Qd1 Bxc4 16. Re1 d5 17. b3 Bxa1 18. bxc4 dxc4 19. Ba3 Qxd1 20. Rxd1 Bf6 21. Bxc5
Rfe8 22. Nf4 b6 23. Ba3 Ne5 24. Nd4 Rad8 25. c3 b5 26. Bb4 Nc6 27. Rb1 Nxd4 28.
cxd4 Rxd4 29. g3 a5 30. Bxa5 c6 31. Kg2 Ra8 32. Ne2 Rxa5 33. Nxd4 Bxd4 34. Rd1
c5 35. Rd2 c3 36. Rc2 b4 37. Kf3 c4 38. Ke4 Bf6 39. f4 b3 40. axb3 cxb3 41. Rc1
b2 0-1

[Event "AUTO-ADV-3055"]
[Site "http://www.queenalice.com/game.php?id=1249271"]
[Date "2014.1.18"]
[Round "1"]
[White "massimo"]
[Black "ECAoCRUEL"]
[Result "0-1"]
[WhiteElo "1810"]
[BlackElo "1902"]

1. e4 e5 2. Nf3 Nc6 3. Bb5 Nge7 4. Bc4 h6 5. d4 d6 6. h3 Ng6 7. d5 Na5 8. Be2 c6
9. b4 cxd5 10. bxa5 dxe4 11. Nh2 Qxa5+ 12. Bd2 Qd5 13. Nc3 Qe6 14. Nxe4 b6 15.
Bf3 Rb8 16. O-O d5 17. Ng3 e4 18. Re1 Bd6 19. Nxe4 dxe4 20. Rxe4 Be5 21. Bg4 f5
22. Qe1 fxg4 23. Nxg4 O-O 24. Nxe5 Nxe5 25. Rxe5 Qg6 26. Bb4 Bxh3 27. g3 Qc6 28.
Qe4 Qxe4 29. Rxe4 Rf7 30. g4 Rc8 31. Rc1 Rc6 32. c3 a5 33. Be7 Rf3 34. Re3 Bxg4
35. Kg2 Rf7 36. Kg3 Rg6 37. f4 Be6+ 38. Bg5 hxg5 39. fxg5 Rxg5+ 40. Kh2 Rf2+ 0-1

[Event "AUTO-OPEN-3178"]
[Site "http://www.queenalice.com/game.php?id=1252804"]
[Date "2014.1.31"]
[Round "1"]
[White "marcomasao"]
[Black "ECAoCRUEL"]
[Result "1-0"]
[WhiteElo "1697"]
[BlackElo "1924"]

1. e4 e5 2. Bc4 Nf6 3. Nc3 c6 4. Nf3 d6 5. d3 Bg4 6. Bd2 d5 7. Bb3 d4 8. Ne2 Be7
9. Ng5 Bh5 10. c4 h6 11. Nf3 Bxf3 12. gxf3 O-O 13. Rg1 Nbd7 14. Bxh6 g6 15. Bxf8
Qxf8 16. Qd2 Kg7 17. Qg5 Nxe4 18. Qg2 Nec5 19. Bc2 Qh8 20. Ng3 Qh6 21. Nf5+ 1-0

[Event "AUTO-OPEN-3178"]
[Site "http://www.queenalice.com/game.php?id=1252805"]
[Date "2014.1.31"]
[Round "1"]
[White "ECAoCRUEL"]
[Black "marcomasao"]
[Result "0-1"]
[WhiteElo "1950"]
[BlackElo "1699"]

1. e4 e5 2. Nf3 Nc6 3. Bb5 Qe7 4. d3 Qe6 5. Bc4 Qe7 6. Ng5 h6 7. Nxf7 Rh7 8. Ng5
hxg5 9. Bxg8 Rh8 10. Bd5 Qf6 11. O-O b6 12. a3 Bb7 13. b4 a6 14. Nc3 O-O-O 15.
Rb1 Qh6 16. b5 Qxh2# 0-1

[Event "AUTO-OPEN-3178"]
[Site "http://www.queenalice.com/game.php?id=1252826"]
[Date "2014.1.31"]
[Round "1"]
[White "ECAoCRUEL"]
[Black "jalhallib"]
[Result "0-1"]
[WhiteElo "1899"]
[BlackElo "1832"]

1. e4 c6 2. Nc3 d5 3. d4 e6 4. e5 h6 5. Be2 c5 6. Nf3 c4 7. b3 Bb4 8. Bd2 Bxc3
9. Bxc3 cxb3 10. axb3 Ne7 11. O-O O-O 12. Bb4 Re8 13. Qc1 Nec6 14. Bd2 b6 15.
Bxh6 g6 16. Qf4 Qe7 17. Bg5 Qd7 18. Qh4 f5 19. Bf6 Qh7 20. Qg5 Nd7 21. Qh4 Qxh4
22. Bxh4 a5 23. Bb5 Nb4 24. Bxd7 Bxd7 25. c3 Nc6 26. Bf6 Na7 27. Nh4 Kf7 28. f3
Nb5 29. Rfc1 Rac8 30. c4 Nxd4 31. cxd5 Nxb3 32. Rxc8 Rxc8 33. Rb1 a4 34. g4 Rc1+
35. Rxc1 Nxc1 36. gxf5 gxf5 37. Bg5 Nd3 38. f4 a3 39. dxe6+ Bxe6 0-1

[Event "AUTO-OPEN-3178"]
[Site "http://www.queenalice.com/game.php?id=1252827"]
[Date "2014.1.31"]
[Round "1"]
[White "jalhallib"]
[Black "ECAoCRUEL"]
[Result "1/2-1/2"]
[WhiteElo "1845"]
[BlackElo "1880"]

1. Nf3 Nc6 2. e4 e5 3. d4 a6 4. d5 Na7 5. Nxe5 Qe7 6. Qd4 Nf6 7. Nc3 d6 8. Nf3
h6 9. h3 c5 10. Qe3 Nd7 11. Bd3 Qf6 12. O-O Be7 13. Re1 O-O 14. Nh2 Ne5 15. Ng4
Nxg4 16. hxg4 Bxg4 17. f3 Bd7 18. e5 dxe5 19. Qe4 Qg6 20. Qxg6 fxg6 21. Bxg6 Rf6
22. Bd3 Bd6 23. a3 Rc8 24. Be3 b6 25. Bxa6 Rcf8 26. Ne4 Rg6 27. Nxd6 Rxd6 28. a4
Kh8 29. c4 Bf5 30. Bb5 Bd3 31. a5 Nxb5 32. cxb5 Bxb5 33. axb6 Rxd5 34. b7 Rb8
35. Ra8 Rdd8 36. Rea1 Bc6 37. Rxb8 Rxb8 38. Ra8 Rxa8 39. bxa8=Q+ Bxa8 40. Bxc5
Kg8 41. Kf2 Kf7 42. g4 g6 43. Kg3 e4 44. fxe4 Bxe4 45. Kf4 Bd3 46. b4 g5+ 47.
Ke3 Bb5 48. Ke4 Kg6 49. Kf3 h5 50. gxh5+ Kxh5 51. Kg3 g4 52. Be7 Be2 1/2-1/2

[Event "AUTO-OPEN-3178"]
[Site "http://www.queenalice.com/game.php?id=1252828"]
[Date "2014.1.31"]
[Round "1"]
[White "ECAoCRUEL"]
[Black "clovis"]
[Result "1-0"]
[WhiteElo "1914"]
[BlackElo "2134"]

1. e4 e5 2. Nf3 Nc6 3. Bb5 f5 4. Bxc6 dxc6 5. O-O fxe4 6. Nxe5 Nf6 7. Nc4 b5 8.
Na5 Bd6 9. Nxc6 Bxh2+ 10. Kh1 Qd6 11. Nc3 Ng4 12. Na5 Bg3 13. d4 e3 14. Bxe3 Qg6
15. Qxg4 Bxg4 16. fxg3 O-O-O 17. Rac1 Rhf8 18. Rfe1 Rde8 19. Nb3 Rxe3 20. Rxe3
Rf2 21. Rce1 Qxc2 22. Re8+ Kb7 23. Nc5+ Kb6 24. Nd5+ Kc6 25. Nb4+ Kb6 26. Rb8+
Ka5 27. Nc6# 1-0

[Event "AUTO-OPEN-3178"]
[Site "http://www.queenalice.com/game.php?id=1252829"]
[Date "2014.1.31"]
[Round "1"]
[White "clovis"]
[Black "ECAoCRUEL"]
[Result "1-0"]
[WhiteElo "2064"]
[BlackElo "1898"]

1. e4 e5 2. Bc4 Nf6 3. Nc3 Bb4 4. Nf3 Nc6 5. O-O O-O 6. d4 Bxc3 7. bxc3 Nxe4 8.
Re1 Nxc3 9. Qd3 Na4 10. Nxe5 Nxe5 11. Rxe5 d6 12. Bg5 Qd7 13. Re7 Qc6 14. Rae1
Nb6 15. Rxf7 Nxc4 16. Rxf8+ Kxf8 17. Qxh7 b6 18. Re7 1-0

[Event "AUTO-ADV-3123"]
[Site "http://www.queenalice.com/game.php?id=1272324"]
[Date "2014.4.12"]
[Round "1"]
[White "ECAoCRUEL"]
[Black "TomasBlack"]
[Result "1-0"]
[WhiteElo "1885"]
[BlackElo "1735"]

1. e4 c5 2. Nf3 e6 3. Bb5 a6 4. Ba4 b5 5. Bb3 Bb7 6. a3 Bxe4 7. Nc3 Bxf3 8. Qxf3
Nc6 9. d3 d5 10. O-O Bd6 11. Re1 Nce7 12. Bg5 h6 13. Bxe7 Qxe7 14. Bxd5 Rc8 15.
Bb7 Rc7 16. Nd5 exd5 17. Rxe7+ Nxe7 18. Bxa6 O-O 19. Bxb5 Rb8 20. a4 d4 21. Bc4
Rf8 22. a5 Ng6 23. a6 Ne5 24. Qd5 Nxc4 25. dxc4 Rd7 26. Qf3 Re8 27. g3 Ra7 28.
Qc6 Rd8 29. Qb6 Raa8 30. a7 Bf8 31. Ra6 Rd6 32. Qb7 Rxa6 33. Qxa6 Bd6 34. Qb7
Rxa7 35. Qxa7 Be5 36. Qa4 f6 37. b4 cxb4 38. Qxb4 Kh7 39. c5 g5 40. c6 g4 41.
Qe7+ Kg6 42. c7 Bxc7 43. Qxc7 h5 44. Qf4 f5 45. Qxd4 Kg5 46. c4 h4 47. Qf4+ 1-0

[Event "AUTO-ADV-3123"]
[Site "http://www.queenalice.com/game.php?id=1272325"]
[Date "2014.4.12"]
[Round "1"]
[White "TomasBlack"]
[Black "ECAoCRUEL"]
[Result "1-0"]
[WhiteElo "1725"]
[BlackElo "1895"]

1. e4 e5 2. Nf3 d6 3. c3 Nf6 4. d3 Bg4 5. Be2 Nc6 6. h3 Bh5 7. Be3 Qd7 8. g4 Bg6
9. Qb3 b6 10. Nh4 Ne7 11. d4 h6 12. Bb5 c6 13. Bd3 Nxe4 14. Nxg6 Nxg6 15. Bxe4
d5 16. Bxg6 fxg6 17. dxe5 O-O-O 18. Nd2 Re8 19. f4 Kc7 20. a4 Rb8 21. O-O Bc5
22. Rf3 Rhf8 23. Raf1 Rf7 24. Bxc5 bxc5 25. Qc2 Qe6 26. b3 Rbf8 27. c4 g5 28.
cxd5 Qxd5 29. Rd3 Qe6 30. Rd6 Qc8 31. Qxc5 Qb7 32. Rc1 Kb8 33. f5 Rc8 34. e6 Re7
35. Qe5 Ka8 36. f6 gxf6 37. Qxf6 Qb4 38. Qxe7 Qf4 39. Rcxc6 Qg3+ 40. Kf1 Qxh3+
41. Ke1 Qh1+ 42. Ke2 Qg2+ 43. Kd3 Qg3+ 44. Kc2 Rb8 45. Rd8 Rxd8 46. Qxd8+ Kb7
47. Qc8# 1-0

[Event "AUTO-ADV-3123"]
[Site "http://www.queenalice.com/game.php?id=1272326"]
[Date "2014.4.12"]
[Round "1"]
[White "ECAoCRUEL"]
[Black "ACamargo"]
[Result "1-0"]
[WhiteElo "1865"]
[BlackElo "1963"]

1. e4 e5 2. Nf3 d6 3. d4 Bg4 4. Be2 Bxf3 5. Bxf3 Be7 6. dxe5 dxe5 7. Qxd8+ Bxd8
8. Nc3 Nf6 9. O-O Nc6 10. Nd5 O-O 11. Bg5 Nxd5 12. exd5 Nd4 13. Bxd8 Nxf3+ 14.
gxf3 Raxd8 15. c4 f5 16. Rfe1 Rfe8 17. Re2 Kf7 18. Rae1 Kf6 19. f4 e4 20. f3 h6
21. fxe4 fxe4 22. Rxe4 Rxe4 23. Rxe4 Rd7 24. Kf2 Kf5 25. Kf3 c6 26. Re5+ Kf6 27.
Ke4 cxd5+ 28. cxd5 Rd6 29. Rf5+ Ke7 30. Re5+ Kf6 31. f5 Kf7 32. Re6 Rd7 33. d6
b5 34. Ke5 a5 35. f6 gxf6+ 36. Rxf6+ Kg7 37. Ke6 Rxd6+ 38. Kxd6 Kxf6 39. Kc5 Kg5
40. Kxb5 Kg4 41. Kxa5 h5 42. b4 h4 43. b5 Kh3 44. b6 Kxh2 45. b7 1-0

[Event "AUTO-ADV-3123"]
[Site "http://www.queenalice.com/game.php?id=1272327"]
[Date "2014.4.12"]
[Round "1"]
[White "ACamargo"]
[Black "ECAoCRUEL"]
[Result "1-0"]
[WhiteElo "1965"]
[BlackElo "1877"]

1. d4 g6 2. c4 Bg7 3. Nc3 Nf6 4. e3 d5 5. c5 c6 6. Bd2 O-O 7. h3 b6 8. b4 Ba6 9.
Bxa6 Nxa6 10. a3 bxc5 11. bxc5 Rb8 12. Nf3 Nd7 13. O-O Re8 14. Qc2 e5 15. Rab1
exd4 16. exd4 Nf8 17. Bf4 Rc8 18. Qa4 Nc7 19. Qxa7 Nfe6 20. Bxc7 Rxc7 21. Qa4
Qd7 22. Ne2 Ra7 23. Qb3 Nxc5 24. dxc5 Rxe2 25. Rfd1 Qe7 26. Qb4 h6 27. Re1 Re6
28. Rxe6 fxe6 29. a4 e5 30. Re1 e4 31. Nd4 Bxd4 32. Qxd4 Ra5 33. Rc1 Qa7 34. Qf6
Kh7 35. Qxc6 Rxa4 36. Qxd5 Ra1 37. Rxa1 Qxa1+ 38. Kh2 Qa5 39. Qd6 Kg7 40. c6 Qb6
41. Qd7+ Kf6 42. c7 1-0

[Event "AUTO-ADV-3123"]
[Site "http://www.queenalice.com/game.php?id=1272328"]
[Date "2014.4.12"]
[Round "1"]
[White "ECAoCRUEL"]
[Black "rmvwoods"]
[Result "0-1"]
[WhiteElo "1888"]
[BlackElo "2007"]

1. e4 c5 2. Nc3 Nc6 3. Nf3 g6 4. Bc4 e6 5. b3 Bg7 6. Bb2 Nge7 7. Rb1 O-O 8. Ng5
d5 9. exd5 exd5 10. Bd3 Nf5 11. Nf3 d4 12. Ne2 Re8 13. O-O b6 14. c3 Be6 15. Be4
Bd5 16. Bxf5 Bxf3 17. Bd3 Qg5 18. g3 Qg4 19. Nf4 Bxd1 20. Rbxd1 Bh6 21. Nd5 Qh3
22. Nf6+ Kf8 23. Nxe8 Ne5 24. Be4 Ng4 25. Bg2 Qxh2# 0-1

[Event "AUTO-ADV-3123"]
[Site "http://www.queenalice.com/game.php?id=1272329"]
[Date "2014.4.12"]
[Round "1"]
[White "rmvwoods"]
[Black "ECAoCRUEL"]
[Result "1-0"]
[WhiteElo "1963"]
[BlackElo "1902"]

1. e4 e5 2. Nf3 Nc6 3. Bb5 Nge7 4. Nc3 a6 5. Ba4 d6 6. d4 b5 7. Bb3 Bg4 8. h3
Bxf3 9. Qxf3 f6 10. dxe5 Nxe5 11. Qh5+ N7g6 12. O-O c5 13. Bd5 Ra7 14. f4 Nd7
15. f5 Ne5 16. fxg6 Nxg6 17. Bc6+ Ke7 18. Nd5+ Kf7 19. Nf4 Be7 20. Qd5+ 1-0

[Event "AUTO-ADV-3021"]
[Site "http://www.queenalice.com/game.php?id=1275492"]
[Date "2014.4.23"]
[Round "2"]
[White "ECAoCRUEL"]
[Black "Pomerode"]
[Result "1-0"]
[WhiteElo "1901"]
[BlackElo "2173"]

1. e4 Nf6 2. Nc3 d5 3. exd5 Nxd5 4. Qf3 Nxc3 5. Qxc3 e6 6. Nf3 Bd7 7. Be2 Nc6 8.
O-O Qf6 9. Qb3 Bd6 10. Qxb7 Rb8 11. Qa6 O-O 12. Rb1 1-0

[Event "AUTO-ADV-3021"]
[Site "http://www.queenalice.com/game.php?id=1275493"]
[Date "2014.4.23"]
[Round "2"]
[White "Pomerode"]
[Black "ECAoCRUEL"]
[Result "0-1"]
[WhiteElo "2195"]
[BlackElo "1872"]

1. e4 e5 2. Nf3 d6 3. d4 Bg4 4. dxe5 Bxf3 5. gxf3 Nc6 6. exd6 Bxd6 7. Bb5 Ne7 8.
Nd2 a6 9. Ba4 O-O 10. c3 Ng6 11. Nf1 b5 0-1

[Event "AUTO-ADV-3167"]
[Site "http://www.queenalice.com/game.php?id=1288576"]
[Date "2014.6.16"]
[Round "1"]
[White "ECAoCRUEL"]
[Black "clovis"]
[Result "0-1"]
[WhiteElo "1891"]
[BlackElo "1983"]

1. e4 e5 2. Nf3 Nc6 3. Bb5 f5 4. Bxc6 dxc6 5. d3 fxe4 6. dxe4 Nf6 7. Nfd2 Bc5 8.
O-O O-O 9. Kh1 Ng4 10. f3 Nxh2 11. Qe1 Qf6 12. Nb3 Nxf1 13. Nxc5 Be6 14. Nxe6
Qxe6 15. Qxf1 Rad8 16. Be3 a6 17. Nc3 Rd7 18. Na4 b6 19. Nc3 Rfd8 20. Rd1 Rxd1
21. Nxd1 Qxa2 22. c3 b5 23. b4 Qb1 24. Kh2 Rxd1 25. Qf2 Rh1+ 26. Kg3 Qe1 27. Bg5
Qxf2+ 28. Kxf2 Rb1 29. g3 Kf7 30. Ke3 c5 31. Bd8 cxb4 32. Bxc7 b3 33. Bxe5 b2
34. c4 Re1+ 35. Kd2 b1=Q 0-1

[Event "AUTO-ADV-3167"]
[Site "http://www.queenalice.com/game.php?id=1288577"]
[Date "2014.6.16"]
[Round "1"]
[White "clovis"]
[Black "ECAoCRUEL"]
[Result "1-0"]
[WhiteElo "1970"]
[BlackElo "1904"]

1. e4 b6 2. d4 Bb7 3. Nc3 e6 4. Nf3 Bb4 5. Bd3 Bxc3+ 6. bxc3 Ne7 7. e5 Nbc6 8.
O-O O-O 9. Bxh7+ Kxh7 10. Ng5+ Kg6 11. Qg4 f5 12. exf6 Kxf6 13. Ne4+ Kf7 14.
Qh5+ Ng6 15. Ng5+ Kf6 16. c4 Rh8 17. Qf3+ Ke7 18. Qf7+ Kd6 19. Ba3+ Nb4 20.
Bxb4+ Kc6 21. Qxg6 Ba6 22. Qe4+ d5 23. Qxe6+ Kb7 24. Nf7 Qe8 25. Qxd5+ Qc6 26.
Nxh8 Qxd5 27. cxd5 Rxh8 28. Rfe1 Rh4 29. c3 Bc4 30. Re7 Rg4 31. d6 Kc6 32. Rxc7+
Kb5 33. a4+ Ka6 34. Rxc4 b5 35. axb5+ Kxb5 36. Rc5+ Kb6 37. d7 1-0

[Event "AUTO-ADV-3167"]
[Site "http://www.queenalice.com/game.php?id=1288578"]
[Date "2014.6.16"]
[Round "1"]
[White "ECAoCRUEL"]
[Black "MarcosT"]
[Result "0-1"]
[WhiteElo "1860"]
[BlackElo "1814"]

1. e4 Nf6 2. Nc3 d5 3. e5 Nfd7 4. d4 e6 5. Nf3 c5 6. Bb5 a6 7. Bxd7+ Qxd7 8. O-O
Nc6 9. Be3 c4 10. b3 Bb4 11. Na4 Qc7 12. a3 Ba5 13. b4 Bb6 14. Nc5 Bxc5 15. bxc5
b5 16. c3 Bb7 17. Ng5 O-O 18. Qh5 h6 19. Nf3 Ne7 20. Qg4 Nf5 21. Bf4 f6 22. Nh4
Nxh4 23. Qxh4 g5 24. Bxg5 hxg5 25. Qh6 Qg7 26. Qh5 fxe5 27. Kh1 exd4 28. cxd4 e5
29. dxe5 Qxe5 30. Qg6+ Qg7 31. Qxg7+ Kxg7 32. Rad1 Rad8 33. Rfe1 d4 34. Re7+ Rf7
35. Rxf7+ Kxf7 36. Kg1 d3 37. Kf1 Re8 38. Rd2 Ke6 39. f3 Kd5 40. Kf2 Re2+ 41.
Rxe2 dxe2 42. Kxe2 Kxc5 43. Ke3 b4 44. h4 gxh4 45. f4 bxa3 0-1

[Event "AUTO-ADV-3167"]
[Site "http://www.queenalice.com/game.php?id=1288579"]
[Date "2014.6.16"]
[Round "1"]
[White "MarcosT"]
[Black "ECAoCRUEL"]
[Result "1-0"]
[WhiteElo "1807"]
[BlackElo "1879"]

1. e4 e5 2. Nf3 Nc6 3. Bc4 h6 4. c3 d6 5. h3 Nf6 6. d3 Qe7 7. O-O Be6 8. Qb3 Rb8
9. Bxe6 fxe6 10. Be3 d5 11. exd5 exd5 12. Nbd2 Qe6 13. Rfe1 Bd6 14. Ne4 Qf5 15.
Nxd6+ cxd6 16. d4 O-O 17. dxe5 dxe5 18. Rad1 Rfd8 19. Nh4 Qe6 20. Ng6 Ne4 21.
Nh4 Na5 22. Qc2 b6 23. b3 Nc6 24. Nf3 Rd7 25. a4 a5 26. c4 Nb4 27. Qb1 d4 28.
Bxd4 exd4 29. Nxd4 Nc3 30. Nxe6 Nxb1 31. Rxd7 Nc3 32. Rxg7+ Kh8 33. Re7 Nc6 34.
Rc7 Nd8 35. Nf4 b5 36. cxb5 Nb7 37. Ng6+ Kg8 38. Ree7 Nd5 39. Rg7# 1-0

[Event "AUTO-ADV-3167"]
[Site "http://www.queenalice.com/game.php?id=1288580"]
[Date "2014.6.16"]
[Round "1"]
[White "ECAoCRUEL"]
[Black "joao_messias"]
[Result "0-1"]
[WhiteElo "1928"]
[BlackElo "1724"]

1. e4 e5 2. Nf3 d6 3. d4 f6 4. d5 Ne7 5. Nc3 Bg4 6. Be2 Nd7 7. h3 Bh5 8. O-O g5
9. Nh2 Bxe2 10. Qxe2 Bg7 11. Qh5+ Ng6 12. Ne2 Qe7 13. Ng3 O-O-O 14. Be3 Nf4 15.
Qg4 h5 16. Qf5 h4 17. Nh1 Ne2# 0-1

[Event "AUTO-ADV-3167"]
[Site "http://www.queenalice.com/game.php?id=1288581"]
[Date "2014.6.16"]
[Round "1"]
[White "joao_messias"]
[Black "ECAoCRUEL"]
[Result "0-1"]
[WhiteElo "1854"]
[BlackElo "1842"]

1. e4 e5 2. Nf3 Nc6 3. d3 d6 4. h3 Nf6 5. Be2 Be7 6. Nc3 O-O 7. O-O Be6 8. Bg5
Nd7 9. Bxe7 Nxe7 10. a3 Qc8 11. Nh2 Nf6 12. Bg4 Ng6 13. Bxe6 Qxe6 14. Qd2 c6 15.
Ne2 Rad8 16. Ng3 Rd7 17. Ne2 Rfd8 18. f4 exf4 19. Nxf4 Nxf4 20. Qxf4 d5 21. exd5
Nxd5 22. Qf2 f6 23. Rae1 Qf7 24. Qg3 Ne7 25. Ng4 Qg6 26. Nxf6+ gxf6 27. Qxg6+
Nxg6 28. Rxf6 Kg7 29. Rfe6 Rf7 30. R1e4 Nf4 31. R6e5 h6 32. Kh2 Rd6 33. g3 Ng6
34. Re8 Rf2+ 35. Kg1 Rxc2 0-1